Członkowie Zakonu Feniksa (Harry Potter) - Statystyki

Ogólne statystyki
  • Ten quiz został rozwiązany 43 razy
  • Średni wynik to 19 z 40
Statystyki odpowiedzi
Hint Odpowiedź % Poprawnych
Reaktywowany Zakon Feniksa Harry Potter
94%
Reaktywowany Zakon Feniksa Ron Weasley
92%
Obydwa składy Zakonu Syriusz Black
92%
Reaktywowany Zakon Feniksa Artur Weasley
89%
Reaktywowany Zakon Feniksa Molly Weasley
89%
Oryginalny Zakon Feniksa James Potter
86%
Obydwa składy Zakonu Remus Lupin
86%
Reaktywowany Zakon Feniksa Fred Weasley
83%
Reaktywowany Zakon Feniksa George Weasley
83%
Reaktywowany Zakon Feniksa Hermiona Granger
83%
Oryginalny Zakon Feniksa Lily Potter
81%
Obydwa składy Zakonu Severus Snape
78%
Oryginalny Zakon Feniksa Frank Longbottom
75%
Obydwa składy Zakonu Albus Dumbledore
72%
Oryginalny Zakon Feniksa Alicja Longbottom
72%
Reaktywowany Zakon Feniksa Bill Weasley
72%
Obydwa składy Zakonu Alastor Moody
69%
Reaktywowany Zakon Feniksa Charlie Weasley
67%
Reaktywowany Zakon Feniksa Nimfadora Tonks
61%
Obydwa składy Zakonu Aberforth Dumbledore
50%
Obydwa składy Zakonu Minerva McGonagall
50%
Obydwa składy Zakonu Rubeus Hagrid
47%
Oryginalny Zakon Feniksa Peter Petigrew
28%
Reaktywowany Zakon Feniksa Fleur Delacour
25%
Reaktywowany Zakon Feniksa Kingsley Shacklebolt
25%
Obydwa składy Zakonu Mundungus Fletcher
22%
Oryginalny Zakon Feniksa Fabian Prewett
14%
Oryginalny Zakon Feniksa Gideon Prewett
14%
Oryginalny Zakon Feniksa Marlena McKinnon
14%
Obydwa składy Zakonu Arabella Figg
11%
Obydwa składy Zakonu Dedalus Diggle
8%
Obydwa składy Zakonu Elfias Doge
8%
Obydwa składy Zakonu Emmelina Vance
8%
Obydwa składy Zakonu Sturgis Podmore
8%
Oryginalny Zakon Feniksa Benio Fenwick
6%
Oryginalny Zakon Feniksa Dorcas Meadowes
6%
Reaktywowany Zakon Feniksa Hestia Jones
6%
Reaktywowany Zakon Feniksa Olimpia Maxime
6%
Oryginalny Zakon Feniksa Caradoc Dearborn
3%
Oryginalny Zakon Feniksa Edgar Bones
3%
Nie znaleziono quizów pasujących do podanych kryteriów
Rozkład punktacji
Procent ludzi z każdym wynikiem
Percentyl według liczby udzielonych odpowiedzi
Twoja historia wyników
Nie rozwiązałeś tego quizu